| 000 | 00876 a2200229 4500 | ||
|---|---|---|---|
| 005 | 20260316151208.0 | ||
| 008 | 260316b |||||||| |||| 00| 0 eng d | ||
| 020 | _a9789387187030 (hbk) | ||
| 037 | _cTB | ||
| 040 |
_aCRL _cCRL |
||
| 041 |
_2hin _ahin |
||
| 084 |
_aO152,2M89,CH K9;R2 _qCRL |
||
| 100 |
_aप्रसाद, जयशंकर _9862056 |
||
| 245 | _aचन्द्रगुप्त | ||
| 260 |
_aदिल्ली, भारत: _bअनन्य प्रकाशन, _c2022. |
||
| 300 | _a179पृ. | ||
| 365 |
_b450.00 _cINR |
||
| 650 | _aहिन्दी नाटक | ||
| 650 | _aहिन्दी साहित्य | ||
| 942 |
_cTB _2CC _hO152,2M89,CH K9;R2 |
||
| 999 |
_c1466977 _d1466977 |
||